000
00384nam a2200145Ia 4500
008
100122s9999 xx 000 0 und d
082
_b
62458
_a
823
100
_a
आचार्य नयना
245
_a
नरोत्तम
260
_b
मंगलदीप
_c
2002
300
_a
192
630
_a
नरोत्तम
730
_a
नरोत्तम
942
_c
BOOK
999
_c
436824
_d
436821